Générique Cynthia ou le rythme de la vie - Paroles - Statistiques

Statistiques générales
  • Ce quiz a été pris 3 fois
  • Le résultat moyen est 36 sur 38
Statistiques - réponses
Paroles % Correct
C'est normal tout le mal qu'on se {donne}
100%
C'est normal tout le mal qu'on se {donne}
100%
C'est très dur mais j'y {arriverai}
100%
C'est très dur mais j'y {arriverai}
100%
Essayer de sauter, de {danser}
100%
Et j'aime la {gym}
100%
Et je m'{entraîne}
100%
J'aime la {gym}
100%
J'aime la {gym}
100%
J'aime la {gym}
100%
J'aime la {gym}
100%
J'aime la {gym}
100%
J'aime la {gym}
100%
J'aime la {gym}
100%
J'aime la {gym}
100%
J'aime la {gym}
100%
J'aime la {gym}
100%
J'aime la {gym}
100%
J'aime la {gym}
100%
Je battrai tous les {records}
100%
Je m'{entraîne}
100%
Je m'{entraîne}
100%
Je m'{entraîne}
100%
Je serai une vraie {championne}
100%
Je veux que tu sois {fier} de moi
100%
Oh {Cynthia}
100%
Oh {Cynthia}
100%
Oh {Cynthia}
100%
Oh {Cynthia}
100%
Oh {Cynthia}
100%
Oh {Cynthia}
100%
Plus tu auras confiance en {moi}
100%
Pour une médaille d'{or}
100%
Tu seras, je serai {championne}
100%
Essayer de sauter, de {danser}
67%
Et plus tu m'{aimeras}
67%
En notre {chance}
33%
Et plus je me {battrai}
33%
Aucun quiz correspondant
Distribution des résultats
% des personnes avec chaque résultat
Percentile par nombre de réponses
Votre historique - résultats
Vous n’avez pas pris ce quiz